[Event "Danmarksmesterskabet 1987"]
[Site "Holstebro"]
[Date "1987.04.15"]
[Round "6"]
[White "Hoi, Carsten"]
[Black "Schandorff, Lars"]
[Result "1-0"]
[WhiteElo "2411"]
[BlackElo "2403"]
[EventDate "1987.04.10"]
[EventType "Round Robin"]
[EventRounds "11"]
[EventCountry "Denmark"]
[SourceTitle "Gl Danbase"]

1. d4 Nf6 2. Nc3 d5 3. Bg5 Nbd7 4. Nf3 g6 5. e3 Bg7 6. Bd3 O-O 7. O-O c6 8. Qe2 Qb6 9. Rab1 Re8 10. e4 dxe4 11. Nxe4 Nxe4 12. Qxe4 Nf6 13. Qh4 Be6 14. Rbe1 Bd5 15. Ne5 Qxb2 16. c4 Be6 17. Rb1 Qa3 18. Rb3 Qd6 19. Rxb7 c5 20. Re1 cxd4 21. f4 Reb8 22. Rxe7 Qxe7 23. Ng4 Qc5 24. Nxf6+ Bxf6 25. Bxf6 Qh5 26. Qxh5 gxh5 27. Re5 Kf8 28. Rxh5 Ke8 29. Rxh7 Bc8 30. Be5 Ke7 31. Bxb8 Rxb8 32. Rh8 1-0

[Event "Danmarksmesterskabet 1987"]
[Site "Holstebro"]
[Date "1987.04.13"]
[Round "4"]
[White "Fries Nielsen, Jens Ove"]
[Black "Schandorff, Lars"]
[Result "1/2-1/2"]
[WhiteElo "2394"]
[BlackElo "2403"]
[EventDate "1987.04.10"]
[EventType "Round Robin"]
[EventRounds "11"]
[EventCountry "Denmark"]
[SourceTitle "Gl Danbase"]

1. e4 c5 2. Nf3 d6 3. d4 cxd4 4. Nxd4 Nf6 5. Nc3 a6 6. Bg5 e6 7. Qd3 Nc6 8. O-O-O Bd7 9. f4 Be7 10. Be2 Rc8 11. Nxc6 Bxc6 12. Bf3 Qc7 13. Rhe1 O-O 14. f5 Qa5 15. Kb1 Rfe8 16. Bd2 Qc7 17. fxe6 fxe6 18. Bf4 Rcd8 19. Rf1 Qc8 20. Qe2 d5 21. exd5 exd5 22. Qf2 Ne4 23. Nxe4 dxe4 24. Be2 Bf6 25. Qe3 Rxd1+ 26. Rxd1 Rd8 27. Qb3+ Kh8 28. Rxd8+ Qxd8 29. Be3 Bd4 30. Bxd4 Qxd4 31. Qf7 Qg1+ 32. Qf1 1/2-1/2

[Event "Danmarksmesterskabet 1987"]
[Site "Holstebro"]
[Date "1987.04.18"]
[Round "9"]
[White "Mortensen, Erling"]
[Black "Fries Nielsen, Jens Ove"]
[Result "1/2-1/2"]
[WhiteElo "2454"]
[BlackElo "2394"]
[EventDate "1987.04.10"]
[EventType "Round Robin"]
[EventRounds "11"]
[EventCountry "Denmark"]
[SourceTitle "Gl Danbase"]

1. e4 c5 2. Nf3 d6 3. d4 cxd4 4. Nxd4 Nf6 5. Nc3 Nc6 6. Be2 g6 7. Nb3 Bg7 8. O-O O-O 9. Kh1 a6 10. f4 Bd7 11. a4 Rb8 12. Bf3 b5 1/2-1/2

[Event "Danmarksmesterskabet 1987"]
[Site "Holstebro"]
[Date "1987.04.17"]
[Round "8"]
[White "Brinck Claussen, Bjorn"]
[Black "Mortensen, Erling"]
[Result "0-1"]
[WhiteElo "2425"]
[BlackElo "2454"]
[EventDate "1987.04.10"]
[EventType "Round Robin"]
[EventRounds "11"]
[EventCountry "Denmark"]
[SourceTitle "Gl Danbase"]

1. e4 c5 2. Nf3 e6 3. d4 cxd4 4. Nxd4 Nf6 5. Nc3 d6 6. g4 h6 7. g5 hxg5 8. Bxg5 Nc6 9. h4 Qb6 10. Nb3 a6 11. Qe2 Be7 12. O-O-O Qc7 13. Bg2 b5 14. f4 b4 15. Nd5 exd5 16. exd5 Na5 17. Bxf6 Nxb3+ 18. axb3 gxf6 19. h5 a5 20. Bh3 f5 21. Rde1 a4 22. bxa4 Rxa4 23. Rhg1 Ra1+ 24. Kd2 Rxe1 25. Qxe1 Qc4 26. Qe3 Qxd5+ 27. Kc1 Qc5 0-1

[Event "Danmarksmesterskabet 1987"]
[Site "Holstebro"]
[Date "1987.04.15"]
[Round "6"]
[White "Sahl, Bjarke"]
[Black "Mortensen, Erling"]
[Result "1/2-1/2"]
[WhiteElo "2405"]
[BlackElo "2454"]
[EventDate "1987.04.10"]
[EventType "Round Robin"]
[EventRounds "11"]
[EventCountry "Denmark"]
[SourceTitle "Gl Danbase"]

1. e4 c5 2. Nf3 e6 3. Nc3 d6 4. d4 cxd4 5. Nxd4 Nf6 6. Be2 Be7 7. O-O Nc6 8. Be3 Bd7 9. Kh1 O-O 10. f4 Nxd4 11. Bxd4 Bc6 12. Bd3 Nd7 13. Qh5 e5 14. Be3 exf4 15. Bxf4 g6 16. Qh6 Ne5 17. Rad1 Bf6 18. Bxe5 Bxe5 19. Bc4 Bg7 20. Qf4 Be5 21. Qh6 Bxc3 22. bxc3 Qe7 23. Rf4 Kh8 24. Rh4 f5 25. exf5 Rxf5 26. Rg4 Re8 27. Qd2 Qe3 28. Qd4+ Rfe5 29. Rf4 Qxd4 30. cxd4 Re1+ 31. Rxe1 Rxe1+ 32. Rf1 Re4 33. c3 Re3 34. Rc1 Kg7 1/2-1/2

[Event "Danmarksmesterskabet 1987"]
[Site "Holstebro"]
[Date "1987.04.13"]
[Round "4"]
[White "Sahl, Bjarke"]
[Black "Sloth, Jorn"]
[Result "1/2-1/2"]
[WhiteElo "2405"]
[BlackElo "2381"]
[EventDate "1987.04.10"]
[EventType "Round Robin"]
[EventRounds "11"]
[EventCountry "Denmark"]
[SourceTitle "Gl Danbase"]

1. e4 c5 2. Nf3 Nc6 3. d4 cxd4 4. Nxd4 Nf6 5. Nc3 d6 6. Be2 e5 7. Nxc6 bxc6 8. O-O Be7 9. f4 O-O 10. Kh1 Rb8 11. Qe1 exf4 12. Bxf4 Rxb2 13. Rd1 Ne8 14. Bc4 Rb7 15. Ne2 Be6 16. Bb3 c5 17. Nc3 Bg5 18. Bg3 Qe7 19. Ba4 Rb6 20. e5 dxe5 21. Nd5 Bxd5 22. Rxd5 Nf6 23. Rxe5 Re6 24. Bb3 Rxe5 25. Qxe5 Qxe5 26. Bxe5 Re8 1/2-1/2

[Event "Danmarksmesterskabet 1987"]
[Site "Holstebro"]
[Date "1987.04.11"]
[Round "2"]
[White "Mortensen, Erling"]
[Black "Fries Nielsen, Niels Jorgen"]
[Result "1-0"]
[WhiteElo "2454"]
[BlackElo "2377"]
[EventDate "1987.04.10"]
[EventType "Round Robin"]
[EventRounds "11"]
[EventCountry "Denmark"]
[SourceTitle "Gl Danbase"]

1. e4 c5 2. Nf3 Nc6 3. Bb5 g6 4. O-O Bg7 5. Re1 Qb6 6. a4 a6 7. Bxc6 Qxc6 8. d4 d6 9. d5 Qc7 10. Nc3 Nf6 11. e5 dxe5 12. Nxe5 O-O 13. h3 Nh5 14. Nc4 Bxc3 15. bxc3 b6 16. Qe2 Nf6 17. d6 Qc6 18. dxe7 Re8 19. Bg5 Bb7 20. f3 Nd5 21. Ne5 Qe6 22. c4 Nxe7 23. Ng4 Nf5 24. Nf6+ Kf8 25. Nxe8 Qxe2 26. Rxe2 Rxe8 27. Rxe8+ Kxe8 28. Rb1 Bc6 29. Rxb6 Bxa4 30. c3 Bc2 31. Rxa6 Bd3 32. Ra5 h6 33. Bd2 Nd6 1-0

[Event "Danmarksmesterskabet 1987"]
[Site "Holstebro"]
[Date "1987.04.15"]
[Round "6"]
[White "Friis, Carsten Bank"]
[Black "Sloth, Jorn"]
[Result "1/2-1/2"]
[WhiteElo "2366"]
[BlackElo "2381"]
[EventDate "1987.04.10"]
[EventType "Round Robin"]
[EventRounds "11"]
[EventCountry "Denmark"]
[SourceTitle "Gl Danbase"]

1. e4 c5 2. Nc3 e6 3. g3 d5 4. exd5 exd5 5. d3 Nf6 6. Bg2 d4 7. Ne4 Nc6 8. Ne2 Nxe4 9. Bxe4 Bd6 10. Nf4 Ne5 11. h3 O-O 12. O-O Ng6 13. Qh5 Re8 14. Kh2 Rb8 15. Nxg6 hxg6 16. Qf3 Be6 17. Qg2 Qd7 18. f4 Re7 19. Bd2 Rc8 20. b3 Rce8 1/2-1/2

[Event "Danmarksmesterskabet 1987"]
[Site "Holstebro"]
[Date "1987.04.11"]
[Round "2"]
[White "Friis, Carsten Bank"]
[Black "Schandorff, Lars"]
[Result "0-1"]
[WhiteElo "2366"]
[BlackElo "2403"]
[EventDate "1987.04.10"]
[EventType "Round Robin"]
[EventRounds "11"]
[EventCountry "Denmark"]
[SourceTitle "Gl Danbase"]

1. e4 c5 2. Nc3 d6 3. g3 Nc6 4. Bg2 g6 5. Nge2 Bg7 6. d3 e6 7. O-O Rb8 8. a4 a6 9. Be3 Nd4 10. Qd2 b5 11. axb5 axb5 12. Nd1 b4 13. Nc1 Qb6 14. c3 Nc6 15. f4 Nge7 16. Qf2 bxc3 17. bxc3 O-O 18. Ra2 Bd7 19. g4 f5 20. gxf5 exf5 21. e5 dxe5 22. Bxc5 Qc7 23. Re2 Rf7 24. Nb2 e4 25. d4 Na5 26. Rc2 Nd5 27. Ne2 Nb6 28. c4 Na4 29. Nxa4 Bxa4 30. Rcc1 Nb3 31. Nc3 Nxc1 32. Rxc1 Be8 33. Nd5 Qd8 34. Nc3 Rfb7 35. Bf1 Rb2 36. Ne2 R8b3 37. d5 Qa5 38. Be3 Rd3 39. Ba7 Rf3 40. Qc5 Qd8 41. h3 Rd3 42. Qf2 h6 43. Qe1 Qe7 44. Bf2 e3 45. Bg3 Rdd2 46. c5 Rxd5 0-1

[Event "Danmarksmesterskabet 1987"]
[Site "Holstebro"]
[Date "1987.04.10"]
[Round "1"]
[White "Fries Nielsen, Jens Ove"]
[Black "Sahl, Bjarke"]
[Result "1/2-1/2"]
[WhiteElo "2394"]
[BlackElo "2405"]
[EventDate "1987.04.10"]
[EventType "Round Robin"]
[EventRounds "11"]
[EventCountry "Denmark"]
[SourceTitle "Gl Danbase"]

1. e4 c5 2. f4 d5 3. Nc3 dxe4 4. Nxe4 Nf6 5. Nxf6+ exf6 6. Bb5+ Bd7 7. Qe2+ Be7 8. Bxd7+ Qxd7 9. Nf3 O-O 10. O-O Nc6 1/2-1/2

[Event "Danmarksmesterskabet 1987"]
[Site "Holstebro"]
[Date "1987.04.20"]
[Round "11"]
[White "Mortensen, Erling"]
[Black "Hoi, Carsten"]
[Result "1-0"]
[WhiteElo "2454"]
[BlackElo "2411"]
[EventDate "1987.04.10"]
[EventType "Round Robin"]
[EventRounds "11"]
[EventCountry "Denmark"]
[SourceTitle "Gl Danbase"]

1. e4 g6 2. d4 Bg7 3. Nc3 d6 4. Be3 Nd7 5. Nf3 a6 6. Qd2 b5 7. a4 b4 8. Ne2 Ngf6 9. Ng3 h5 10. Bg5 Bb7 11. Bd3 a5 12. O-O Kf8 13. c3 bxc3 14. bxc3 Nh7 15. Bh6 e6 16. h4 Nhf6 17. Bg5 Qc8 18. Rab1 Bc6 19. Qc2 Nh7 20. Be3 Bf6 21. Ng5 Nxg5 22. hxg5 Be7 23. f4 h4 24. Nh1 h3 25. Nf2 hxg2 26. Kxg2 d5 27. e5 Kg7 28. Rh1 Rxh1 29. Rxh1 Nb6 30. Ng4 Qd7 31. Nf6 1-0

[Event "Danmarksmesterskabet 1987"]
[Site "Holstebro"]
[Date "1987.04.16"]
[Round "7"]
[White "Fries Nielsen, Niels Jorgen"]
[Black "Hoi, Carsten"]
[Result "1/2-1/2"]
[WhiteElo "2377"]
[BlackElo "2411"]
[EventDate "1987.04.10"]
[EventType "Round Robin"]
[EventRounds "11"]
[EventCountry "Denmark"]
[SourceTitle "Gl Danbase"]

1. d4 d6 2. Nc3 g6 3. e4 Bg7 4. Be3 a6 5. Qd2 b5 6. a4 b4 7. Nd1 a5 8. c3 bxc3 9. bxc3 Ba6 10. Bxa6 Nxa6 11. Nf3 Nf6 12. Qd3 O-O 13. O-O c6 14. Bg5 Qc7 15. Ne3 h6 1/2-1/2

[Event "Danmarksmesterskabet 1987"]
[Site "Holstebro"]
[Date "1987.04.19"]
[Round "10"]
[White "Hoi, Carsten"]
[Black "Sloth, Jorn"]
[Result "1-0"]
[WhiteElo "2411"]
[BlackElo "2381"]
[EventDate "1987.04.10"]
[EventType "Round Robin"]
[EventRounds "11"]
[EventCountry "Denmark"]
[SourceTitle "Gl Danbase"]

1. d4 e6 2. e4 d5 3. exd5 exd5 4. Nf3 Nc6 5. Bb5 Bd7 6. O-O Bd6 7. c4 a6 8. Bxc6 Bxc6 9. Re1+ Kf8 10. cxd5 Bxd5 11. Nc3 Ne7 12. Nxd5 Nxd5 13. Qb3 Rb8 14. Bd2 c6 15. Ng5 h6 16. Ne4 g6 17. Nc3 Nf6 18. d5 cxd5 19. Rad1 d4 20. Ne2 Be5 21. Nxd4 Bxd4 22. Bc3 1-0

[Event "Danmarksmesterskabet 1987"]
[Site "Holstebro"]
[Date "1987.04.13"]
[Round "4"]
[White "Mortensen, Erling"]
[Black "Danielsen, Henrik"]
[Result "1/2-1/2"]
[WhiteElo "2454"]
[BlackElo "2401"]
[EventDate "1987.04.10"]
[EventType "Round Robin"]
[EventRounds "11"]
[EventCountry "Denmark"]
[SourceTitle "Gl Danbase"]

1. e4 e6 2. d4 d5 3. Nc3 Bb4 4. e5 Qd7 5. Bd2 b6 6. Nf3 Bb7 7. Bb5 c6 8. Ba4 a5 9. a3 Bf8 10. O-O Ne7 11. Ne2 Ba6 12. Re1 Bxe2 13. Qxe2 Na6 14. b4 b5 15. Bb3 a4 16. Ba2 Nc7 17. c3 O-O-O 18. Ng5 Nf5 19. g4 Nh4 20. f4 f6 21. Nf3 Nxf3+ 22. Qxf3 h5 23. g5 1/2-1/2

[Event "Danmarksmesterskabet 1987"]
[Site "Holstebro"]
[Date "1987.04.20"]
[Round "11"]
[White "Friis, Carsten Bank"]
[Black "Pedersen, Erik"]
[Result "1/2-1/2"]
[WhiteElo "2366"]
[BlackElo "2440"]
[EventDate "1987.04.10"]
[EventType "Round Robin"]
[EventRounds "11"]
[EventCountry "Denmark"]
[SourceTitle "Gl Danbase"]

1. e4 c6 2. Nc3 d5 3. d4 dxe4 4. Nxe4 Nf6 5. Nxf6+ gxf6 6. Bc4 Bf5 7. Ne2 e6 8. Ng3 Bg6 9. c3 Nd7 10. h4 h5 11. Bd3 Bxd3 12. Qxd3 Bd6 13. Ne4 Qc7 14. Qf3 f5 15. Nxd6+ Qxd6 16. Bf4 Qd5 17. Qxd5 cxd5 18. f3 f6 19. Kf2 Kf7 20. Rae1 Rae8 21. Re2 e5 22. dxe5 fxe5 23. Bh2 f4 24. Rd1 Nb6 25. Rde1 Nc4 26. g3 d4 27. cxd4 exd4 28. Rxe8 Rxe8 29. Rxe8 Kxe8 30. g4 Nxb2 31. gxh5 d3 32. Bxf4 Nc4 33. Ke1 a5 34. a4 Kf7 1/2-1/2

[Event "Danmarksmesterskabet 1987"]
[Site "Holstebro"]
[Date "1987.04.16"]
[Round "7"]
[White "Mortensen, Erling"]
[Black "Friis, Carsten Bank"]
[Result "1-0"]
[WhiteElo "2454"]
[BlackElo "2366"]
[EventDate "1987.04.10"]
[EventType "Round Robin"]
[EventRounds "11"]
[EventCountry "Denmark"]
[SourceTitle "Gl Danbase"]

1. e4 e5 2. Nf3 Nc6 3. Bb5 a6 4. Ba4 Nf6 5. O-O Be7 6. Re1 b5 7. Bb3 O-O 8. c3 d6 9. d4 Bg4 10. Be3 Re8 11. Nbd2 Bf8 12. h3 Bh5 13. g4 Bg6 14. Bg5 Na5 15. Bc2 c5 16. dxe5 dxe5 17. Qe2 Qb6 18. Nh4 Rac8 19. Nf5 Qc6 20. h4 Nd7 21. h5 Bxf5 22. exf5 Nb6 23. Be4 Qc7 24. f6 g6 25. hxg6 fxg6 26. Rad1 Qf7 27. Nf3 Nac4 28. Bh4 Nd6 29. g5 Qe6 30. Bg3 Nf7 31. a4 c4 32. a5 Nd7 33. Bd5 Qg4 34. Qe4 Qxe4 35. Rxe4 Nc5 36. Ree1 Nd3 37. Nxe5 Rxe5 38. Rxe5 Ndxe5 39. Bxe5 Re8 40. f4 Bc5+ 41. Kg2 Kf8 42. Bc6 Rd8 43. Rxd8+ Nxd8 44. Bd5 Be3 45. Kf3 Bc1 46. b3 cxb3 47. Bxb3 Ba3 48. Bc7 Nb7 49. c4 bxc4 50. Bxc4 Bb4 51. Bd5 Nd6 52. Ke3 h5 53. gxh6 Nf5+ 54. Kd3 Nxh6 55. Bc4 Ng4 56. Bxa6 Nxf6 57. Bb7 Ne8 58. Bb6 Bxa5 59. Bxa5 Ke7 60. Bc3 Ke6 61. Be4 Kf7 62. Bd5+ Ke7 63. Be5 1-0

[Event "Danmarksmesterskabet 1987"]
[Site "Holstebro"]
[Date "1987.04.18"]
[Round "9"]
[White "Friis, Carsten Bank"]
[Black "Brinck Claussen, Bjorn"]
[Result "1-0"]
[WhiteElo "2366"]
[BlackElo "2425"]
[EventDate "1987.04.10"]
[EventType "Round Robin"]
[EventRounds "11"]
[EventCountry "Denmark"]
[SourceTitle "Gl Danbase"]

1. e4 e5 2. Nf3 Nc6 3. Bb5 a6 4. Ba4 Nf6 5. O-O Nxe4 6. d4 b5 7. Bb3 d5 8. dxe5 Be6 9. c3 Nc5 10. Bc2 Bg4 11. Re1 Be7 12. Be3 Qd7 13. Nbd2 Ne6 14. Qb1 Bh5 15. Nd4 Ncxd4 16. cxd4 c5 17. Nb3 c4 18. Nd2 Bb4 19. Bf5 Bg6 20. Re2 c3 21. Bxg6 hxg6 22. Nf3 Rc8 23. b3 Ba3 24. Qc2 Be7 25. Qd3 O-O 26. Rc2 Qc6 27. Ne1 b4 28. f4 a5 29. Rf2 a4 30. Nc2 Ra8 31. Raf1 f5 32. exf6 Rxf6 33. f5 gxf5 34. Rxf5 Rxf5 35. Rxf5 axb3 36. axb3 Bd6 37. Rh5 Nf8 38. Qf5 Ra2 39. Qh3 Be7 40. Rh8+ Kf7 41. Qf5+ Bf6 42. Nxb4 Ra1+ 43. Kf2 Qb5 44. Nd3 Rd1 45. Qh5+ Ng6 46. Qxd1 Nxh8 47. Qc2 Qa5 48. Nc5 Ng6 49. Na4 Qc7 50. g3 Qc8 51. Qxc3 Qf5+ 52. Ke1 Qb1+ 53. Ke2 Qh1 54. h4 Ne7 55. Bf2 Qe4+ 56. Qe3 Qc2+ 57. Kf1 Qd1+ 58. Kg2 Nf5 59. Qf3 Qxf3+ 60. Kxf3 Nxd4+ 61. Bxd4 Bxd4 62. b4 Ke7 63. Nc5 Kd6 64. Nd3 Kc6 65. g4 Kb5 66. g5 Kc4 67. Ke2 Bc3 68. h5 Bd4 69. h6 gxh6 70. gxh6 Bf6 71. Kf3 Kxd3 72. b5 Kc2 73. b6 d4 74. b7 Be5 75. h7 d3 76. b8=Q Bxb8 77. h8=Q 1-0

[Event "Danmarksmesterskabet 1987"]
[Site "Holstebro"]
[Date "1987.04.19"]
[Round "10"]
[White "Sahl, Bjarke"]
[Black "Brinck Claussen, Bjorn"]
[Result "1/2-1/2"]
[WhiteElo "2405"]
[BlackElo "2425"]
[EventDate "1987.04.10"]
[EventType "Round Robin"]
[EventRounds "11"]
[EventCountry "Denmark"]
[SourceTitle "Gl Danbase"]

1. e4 e5 2. Nc3 Nf6 3. Nf3 Nc6 4. d4 exd4 5. Nxd4 Bb4 6. Nxc6 bxc6 7. Bd3 O-O 8. O-O d5 9. exd5 cxd5 10. Bg5 c6 11. Qf3 Bd6 1/2-1/2

[Event "Danmarksmesterskabet 1987"]
[Site "Holstebro"]
[Date "1987.04.17"]
[Round "8"]
[White "Sahl, Bjarke"]
[Black "Friis, Carsten Bank"]
[Result "0-1"]
[WhiteElo "2405"]
[BlackElo "2366"]
[EventDate "1987.04.10"]
[EventType "Round Robin"]
[EventRounds "11"]
[EventCountry "Denmark"]
[SourceTitle "Gl Danbase"]

1. e4 e5 2. Nc3 Nf6 3. g3 Bc5 4. Bg2 O-O 5. Nge2 d5 6. Nxd5 Nxd5 7. exd5 Bg4 8. h3 Qf6 9. O-O Bf3 10. Bxf3 Qxf3 11. d4 exd4 12. Nf4 Qxd1 13. Rxd1 c6 14. b4 Bxb4 15. Rb1 Bc5 16. Rxb7 cxd5 17. Nd3 Bd6 18. Bf4 Bxf4 19. gxf4 Nc6 20. Ne5 Nd8 21. Re7 Ne6 22. f5 Nf4 23. Rb1 Rfe8 24. Rbb7 Rxe7 25. Rxe7 f6 26. Nc6 Nxh3+ 27. Kg2 d3 28. cxd3 Nf4+ 29. Kg3 Nxd3 30. a4 a5 31. Rc7 Nb2 32. Ne7+ Kf8 33. Nxd5 Nxa4 34. Nf4 Kg8 35. Ne6 Kh8 36. Nxg7 Rg8 0-1

[Event "Danmarksmesterskabet 1987"]
[Site "Holstebro"]
[Date "1987.04.12"]
[Round "3"]
[White "Fries Nielsen, Niels Jorgen"]
[Black "Friis, Carsten Bank"]
[Result "1/2-1/2"]
[WhiteElo "2377"]
[BlackElo "2366"]
[EventDate "1987.04.10"]
[EventType "Round Robin"]
[EventRounds "11"]
[EventCountry "Denmark"]
[SourceTitle "Gl Danbase"]

1. e4 e5 2. f4 exf4 3. Be2 d6 4. d4 Nc6 5. Nc3 g5 6. h4 Bg7 7. hxg5 Nxd4 8. Bxf4 Ne6 9. Be3 Nxg5 10. Qd2 Ne6 11. O-O-O Bd7 12. Nf3 Bc6 13. Ng5 h6 14. Nh3 Qd7 15. Rdf1 a6 16. Nd5 O-O-O 17. Nf2 Rf8 1/2-1/2

[Event "Danmarksmesterskabet 1987"]
[Site "Holstebro"]
[Date "1987.04.17"]
[Round "8"]
[White "Schandorff, Lars"]
[Black "Fries Nielsen, Niels Jorgen"]
[Result "1-0"]
[WhiteElo "2403"]
[BlackElo "2377"]
[EventDate "1987.04.10"]
[EventType "Round Robin"]
[EventRounds "11"]
[EventCountry "Denmark"]
[SourceTitle "Gl Danbase"]

1. d4 e6 2. e4 b6 3. Nf3 Bb7 4. Bd3 c5 5. O-O cxd4 6. Nxd4 Nc6 7. Nxc6 Bxc6 8. Qe2 d6 9. f4 Nf6 10. c4 Be7 11. Nc3 Nd7 12. b3 Nc5 13. Bc2 Bf6 14. Bb2 Qc7 15. Rad1 a6 16. Nd5 Bxd5 17. Bxf6 gxf6 18. exd5 a5 19. dxe6 fxe6 20. a3 Qe7 21. b4 axb4 22. axb4 Nb7 23. Be4 Rb8 24. Bc6+ Kf8 25. Rfe1 Nd8 26. Bd5 e5 27. fxe5 dxe5 28. Rf1 h5 29. Rf5 Kg7 30. Rd3 Ne6 31. Rg3+ Ng5 32. h4 Qxb4 33. Rgxg5+ fxg5 34. Qxe5+ 1-0

[Event "Danmarksmesterskabet 1987"]
[Site "Holstebro"]
[Date "1987.04.11"]
[Round "2"]
[White "Brinck Claussen, Bjorn"]
[Black "Hoi, Carsten"]
[Result "1/2-1/2"]
[WhiteElo "2425"]
[BlackElo "2411"]
[EventDate "1987.04.10"]
[EventType "Round Robin"]
[EventRounds "11"]
[EventCountry "Denmark"]
[SourceTitle "Gl Danbase"]

1. e4 Nc6 2. Nf3 g6 3. d4 Bg7 4. c3 d6 5. Bb5 Bd7 6. O-O Nf6 7. Re1 O-O 8. h3 a6 9. Bf1 e5 10. dxe5 dxe5 11. Qc2 h6 12. Nbd2 Nh5 13. Nc4 Nf4 14. Rd1 Nh5 15. Ne3 Nf6 16. b4 Qe7 17. Bc4 Be6 18. Nd5 Nxd5 19. exd5 Bf5 20. Qe2 Nb8 21. a4 Rd8 22. Ba3 Qf6 23. Bb2 Nd7 24. g4 Bc2 25. Qxc2 Qxf3 26. Bf1 Qf6 27. Bg2 Bf8 28. a5 Bd6 29. Bc1 Kg7 30. Be3 b5 31. axb6 cxb6 32. Qd2 Rh8 33. Bxh6+ Rxh6 34. g5 Qe7 35. gxh6+ Kh7 36. Qe2 a5 37. Qb5 f5 38. bxa5 Rxa5 39. Rxa5 bxa5 40. Qxa5 e4 41. Re1 Nf6 42. Qa8 Nh5 43. Rb1 Kxh6 44. Rb7 Qe5 45. Qg8 e3 46. Rh7+ Kg5 47. Rxh5+ Kxh5 48. Qh7+ Kg5 49. h4+ Kf6 50. Qh8+ Ke7 51. Qxe5+ Bxe5 52. fxe3 Bxc3 53. Kf2 1/2-1/2

[Event "Danmarksmesterskabet 1987"]
[Site "Holstebro"]
[Date "1987.04.10"]
[Round "1"]
[White "Fries Nielsen, Niels Jorgen"]
[Black "Sloth, Jorn"]
[Result "1/2-1/2"]
[WhiteElo "2377"]
[BlackElo "2381"]
[EventDate "1987.04.10"]
[EventType "Round Robin"]
[EventRounds "11"]
[EventCountry "Denmark"]
[SourceTitle "Gl Danbase"]

1. b3 d5 2. Bb2 Bg4 3. Nf3 Nd7 4. g3 Bxf3 5. exf3 e5 6. Qe2 Bd6 7. f4 Qe7 8. fxe5 Bxe5 9. Bxe5 Qxe5 10. Qxe5+ Nxe5 11. Bg2 Nf6 12. O-O 1/2-1/2

[Event "Danmarksmesterskabet 1987"]
[Site "Holstebro"]
[Date "1987.04.19"]
[Round "10"]
[White "Fries Nielsen, Niels Jorgen"]
[Black "Jelling, Erik"]
[Result "0-1"]
[WhiteElo "2377"]
[BlackElo "2382"]
[EventDate "1987.04.10"]
[EventType "Round Robin"]
[EventRounds "11"]
[EventCountry "Denmark"]
[SourceTitle "Gl Danbase"]

1. b3 Nf6 2. Bb2 c5 3. e3 d6 4. f4 Nc6 5. Nf3 Qc7 6. Bc4 a6 7. a4 d5 8. Be2 Bg4 9. Ne5 Bxe2 10. Qxe2 e6 11. O-O Nd7 12. Nxc6 Qxc6 13. d3 f6 14. Nd2 Be7 15. e4 O-O 16. Rfe1 Rfe8 17. Kh1 Nf8 18. Qg4 Rad8 19. Re2 Rd7 20. exd5 Rxd5 21. a5 Kh8 22. Nc4 Bd8 23. Rae1 Bc7 24. Bc3 Rd7 25. Re3 Rde7 26. Rh3 Qd5 27. Rh5 Qc6 28. Re3 Rf7 29. Rhh3 Kg8 30. Qf3 Qd7 31. Qh5 Bxf4 32. Re4 Bd6 33. d4 f5 34. Reh4 Bc7 35. dxc5 e5 36. Qe2 e4 37. Rh5 Qc6 38. Rg5 Qxc5 39. Ne3 Qxc3 0-1

[Event "Danmarksmesterskabet 1987"]
[Site "Holstebro"]
[Date "1987.04.20"]
[Round "11"]
[White "Brinck Claussen, Bjorn"]
[Black "Fries Nielsen, Jens Ove"]
[Result "1/2-1/2"]
[WhiteElo "2425"]
[BlackElo "2394"]
[EventDate "1987.04.10"]
[EventType "Round Robin"]
[EventRounds "11"]
[EventCountry "Denmark"]
[SourceTitle "Gl Danbase"]

1. d4 d5 2. c4 Bf5 3. cxd5 Bxb1 4. Qa4+ c6 5. Rxb1 Qxd5 6. Nf3 Nd7 7. b4 Ngf6 8. e3 e6 9. Qc2 a5 10. Bc4 Qh5 11. bxa5 Qxa5+ 12. Bd2 Qc7 13. O-O Be7 14. a4 O-O 15. Qb3 b6 16. Rfc1 Bd6 17. h3 h6 18. Bd3 Rfc8 19. e4 Be7 20. Be3 Qa7 21. Ra1 Qb8 22. Nd2 c5 23. Bb5 cxd4 24. Bxd4 Rxc1+ 25. Rxc1 Nc5 26. Qc2 Qb7 27. f3 Rd8 28. Be3 Nfd7 29. Nc4 Qb8 30. Bxd7 Nxd7 31. Rb1 Qc7 1/2-1/2

[Event "Danmarksmesterskabet 1987"]
[Site "Holstebro"]
[Date "1987.04.18"]
[Round "9"]
[White "Sloth, Jorn"]
[Black "Pedersen, Erik"]
[Result "1/2-1/2"]
[WhiteElo "2381"]
[BlackElo "2440"]
[EventDate "1987.04.10"]
[EventType "Round Robin"]
[EventRounds "11"]
[EventCountry "Denmark"]
[SourceTitle "Gl Danbase"]

1. d4 Nf6 2. c4 b6 3. Nc3 Bb7 4. d5 e6 5. a3 Bd6 6. Nf3 O-O 7. Bg5 Be7 8. Bf4 Nh5 9. Bg3 Nxg3 10. hxg3 Bf6 11. Qc2 g6 12. Rd1 exd5 13. cxd5 Qe7 14. e3 c5 15. dxc6 dxc6 16. Ne4 c5 17. Nxf6+ Qxf6 18. Bc4 Nc6 19. Rh4 Rad8 20. Rxd8 Nxd8 21. Rf4 Qe7 22. Qc3 Ne6 23. Qe5 Bxf3 24. gxf3 Qg5 25. Re4 Qxe5 26. Rxe5 Re8 1/2-1/2

[Event "Danmarksmesterskabet 1987"]
[Site "Holstebro"]
[Date "1987.04.16"]
[Round "7"]
[White "Jelling, Erik"]
[Black "Pedersen, Erik"]
[Result "1-0"]
[WhiteElo "2382"]
[BlackElo "2440"]
[EventDate "1987.04.10"]
[EventType "Round Robin"]
[EventRounds "11"]
[EventCountry "Denmark"]
[SourceTitle "Gl Danbase"]

1. d4 Nf6 2. c4 b6 3. Nc3 Bb7 4. Nf3 d5 5. cxd5 Nxd5 6. e3 g6 7. Bb5+ c6 8. Bd3 Bg7 9. O-O O-O 10. e4 Nxc3 11. bxc3 c5 12. Be3 cxd4 13. cxd4 Nc6 14. Qa4 a6 15. Rad1 b5 16. Qa3 e6 17. Bb1 Na5 18. Bg5 Nc4 19. Qc1 Qc8 20. Bh6 Na3 21. Qe3 Nxb1 22. Bxg7 Kxg7 23. Rc1 Qd8 24. Rxb1 Qa5 25. Rbc1 Rac8 26. h4 b4 27. Ne5 f6 28. Nd7 Rxc1 29. Rxc1 Rf7 30. Nc5 Qxa2 31. d5 Bc8 32. Nb3 Bd7 33. Ra1 Qc2 34. Rxa6 exd5 35. e5 Qb1+ 36. Kh2 Qf5 37. e6 Re7 38. Nd4 Qg4 39. g3 Be8 40. Rb6 Qe4 41. Qd2 Ra7 42. Rxb4 Ra1 43. f3 Qe1 44. Qxe1 Rxe1 45. Kg2 f5 46. Kf2 Rd1 47. Ke2 Rg1 48. Kf2 Rd1 49. Ke2 Rg1 50. Rb8 Kf8 51. Ke3 h6 52. Kf4 Ke7 53. Ke5 Re1+ 54. Kxd5 Rd1 55. Rc8 Rd3 56. Ke5 Re3+ 57. Kd5 Rd3 58. h5 Ra3 59. hxg6 Ra5+ 60. Rc5 Rxc5+ 61. Kxc5 Bxg6 62. f4 1-0

[Event "Danmarksmesterskabet 1987"]
[Site "Holstebro"]
[Date "1987.04.15"]
[Round "6"]
[White "Pedersen, Erik"]
[Black "Fries Nielsen, Niels Jorgen"]
[Result "1/2-1/2"]
[WhiteElo "2440"]
[BlackElo "2377"]
[EventDate "1987.04.10"]
[EventType "Round Robin"]
[EventRounds "11"]
[EventCountry "Denmark"]
[SourceTitle "Gl Danbase"]

1. c4 b6 2. Nc3 e6 3. d4 Bb7 4. a3 d5 5. cxd5 exd5 6. Nf3 Bd6 7. Bg5 Ne7 8. e3 c6 9. Bd3 Nd7 10. Rc1 f6 11. Bh4 O-O 12. O-O Qe8 13. Qc2 Qh5 14. Ne2 Rfd8 15. Bg3 Nf8 16. Bxd6 Rxd6 17. b4 Qf7 18. a4 Rc8 19. a5 Rcd8 20. axb6 axb6 21. Nc3 g6 22. Rfe1 Ne6 23. Qb2 g5 24. e4 g4 25. e5 R6d7 26. Nd2 Rf8 27. Nf1 fxe5 28. Rxe5 Nf4 29. Bb1 Neg6 30. Rf5 Qg7 31. Ne3 Nh4 32. Rxf8+ Kxf8 33. Ne2 Nf3+ 34. Kh1 Nxe2 35. Qxe2 Nxd4 36. Qd3 Rf7 37. Rd1 c5 38. bxc5 bxc5 39. Qa3 Rc7 40. Qa7 Qd7 41. Ba2 1/2-1/2